Autoregulácia spoločenského systému.

Sociologický aspekt procesu spoločenskej regulácie. Charakteristika základných kategórií a pojmov súvisiacich s reguláciou. Autoregulácia spoločenského systému. Riadenie a vedenie spoločenského systému. Funkcie, predpoklady, regulatívy a rozmery spoločenského riadenia. Participácia na riadení. Samor...

Description complète

Enregistré dans:
Détails bibliographiques
Auteur principal: Pichňa, J.
Format: Chapitre de livre
Langue:slovaque
Sujets:
Tags: Ajouter un tag
Pas de tags, Soyez le premier à ajouter un tag!

MARC

LEADER 00000naa a2200000 4500
001 r013543
005 20221205080432.8
041 0 |a slo 
044 |a SK 
245 1 0 |a Autoregulácia spoločenského systému.  |c J. Pichňa 
520 |a Sociologický aspekt procesu spoločenskej regulácie. Charakteristika základných kategórií a pojmov súvisiacich s reguláciou. Autoregulácia spoločenského systému. Riadenie a vedenie spoločenského systému. Funkcie, predpoklady, regulatívy a rozmery spoločenského riadenia. Participácia na riadení. Samoregulovanie účastníkov spoločenského systému. 
610 2 0 |a regulácia 
610 2 0 |a systémy sociálno-ekonomické 
610 2 0 |a sociológia 
610 2 0 |a riadenie sociálno-ekonomické 
610 2 0 |a riadenie sociálne 
610 2 0 |a účasť na riadení 
100 1 |a Pichňa, J.